Formulación de una bebida a base de lacto suero concentrado en polvo y jugo de frutas naturales

Se realizo una formulas para elaborar uan bebida a base de lacto suero mezclado con jugo de frutas naturales( Piña, Pitahaya - limon y agua de coco donde los resultados demostraro que la formulacion y el desarrollo de esta bebida.

Bibliographic Details
Main Authors: Guerrero Espinoza, Deborah, Sánchez Soza, Daysi
Other Authors: Tutor: Chavarría, Leonardo
Format: Tesis Section = Libro
Language:Undetermined
Spanish
Published: Managua UNI 2012
Subjects:
LEADER 00991nam a2200241Ia 4500
008 240830s9999 xx 000 0 und d
040 |a CEDOC DACA-RUSB / T.Mon 663 G934 
041 |a spa 
082 |a T.Mon 663 G934 
100 1 |a Guerrero Espinoza, Deborah 
100 1 |b  Sánchez Soza, Daysi 
245 1 0 |a Formulación de una bebida a base de lacto suero concentrado en polvo y jugo de frutas naturales 
260 |a Managua  |b UNI  |c 2012 
300 |a 48 p: il 
502 |a Tesis (Ingeniero Químico) -UNI, 2012. 
520 3 |a Se realizo una formulas para elaborar uan bebida a base de lacto suero mezclado con jugo de frutas naturales( Piña, Pitahaya - limon y agua de coco donde los resultados demostraro que la formulacion y el desarrollo de esta bebida. 
650 7 |a BEBIDAS - PROCESAMIENTO INDUSTRIAL 
650 7 |b  ESTUDIO DE MERCADO - BEBIDAS. 
650 7 |c  ESTUDIO ECONOMICO.  
700 1 |a Tutor:  |b Chavarría, Leonardo 
942 |c BK  |2 ddc 
991 |a TESIS 
999 |c 26026